|
|
|
|
| LEADER |
00000nab#a22000007a#4500 |
| 001 |
arbauad031227 |
| 003 |
AR-BaUAD |
| 005 |
20250711112532.0 |
| 008 |
980601|||||||||###||||||b###|0###a|spa|| |
| 040 |
|
|
|a AR-BaUAD
|c AR-BaUAD
|b spa
|
| 100 |
|
|
|a Dodelson, John
|
| 245 |
|
|
|a Reinventing the wheel /
|c John Dodelson;
|
| 300 |
0 |
|
|b fot.
|
| 653 |
|
|
|a ESTADOS UNIDOS
|
| 653 |
|
|
|a SPINERGY
|
| 653 |
|
|
|a NIMBLE
|
| 653 |
|
|
|a MAVIC
|
| 653 |
|
|
|a ROLF
|
| 653 |
|
|
|a CICLISMO
|
| 653 |
|
|
|a BICICLETAS
|
| 653 |
|
|
|a ACCESORIOS
|
| 653 |
|
|
|a RUEDAS
|
| 653 |
|
|
|a DISEÑO INDUSTRIAL
|
| 773 |
0 |
|
|t I.D.
|g [mayo 1998], p. 56-59
|
| 942 |
|
|
|c ARTI
|
| 952 |
|
|
|0 0
|1 0
|4 0
|7 0
|9 76146
|a AR-BAuAD
|b AR-BAuAD
|d 2025-07-11
|l 0
|p AAQA031227
|r 2025-07-11 11:25:32
|w 2025-07-11
|y ARTI
|
| 990 |
|
|
|a DI199
|b TD
|
| 998 |
|
|
|a AAQ
|b BIBUN76
|
| 999 |
|
|
|c 55819
|d 55819
|